Arquitectura de lo poético : arquitectura a partir del espacio existencial, el espacio arquitectónico del "Centro Cultural y Biblioteca Pública de Grecia" desde el habitar poético
Wedi'i Gadw mewn:
| Prif Awdur: | |
|---|---|
| Awduron Eraill: | |
| Fformat: | Llyfr |
| Iaith: | Spanish |
| Cyhoeddwyd: |
[San José, Costa Rica]
2018.
|
| Pynciau: | |
| Tagiau: |
Ychwanegu Tag
Dim Tagiau, Byddwch y cyntaf i dagio'r cofnod hwn!
|
MARC
| LEADER | 00000nam a22000007a 4500 | ||
|---|---|---|---|
| 003 | EA0219 | ||
| 005 | 20230302111617.0 | ||
| 008 | 181008b2018 cr a|||| ||m| 00| ||spa d | ||
| 040 | |c cru CEDI | ||
| 090 | |a TFG EA-219 | ||
| 100 | |9 14216 |a Morgan Retana, Alejandro | ||
| 245 | |a Arquitectura de lo poético : arquitectura a partir del espacio existencial, el espacio arquitectónico del "Centro Cultural y Biblioteca Pública de Grecia" desde el habitar poético | ||
| 260 | |a [San José, Costa Rica] |c 2018. | ||
| 300 | |a x, 160 páginas : ilustraciones a color, mapas y planos a color | ||
| 500 | |a Proyecto de graduación (licenciatura en arquitectura)--Universidad de Costa Rica. Facultad de Ingeniería. Escuela de Arquitectura | ||
| 501 | |a Directora del Proyecto de Graduación : Dra. María De Los Ángeles Barahona Israel | ||
| 648 | |x BIBLIOTECA PUBLICA DE GRECIA (ALAJUELA, COSTA RICA) |x BIBLIOTECA PUBLICA DE GRECIA (ALAJUELA, COSTA RICA) - DISEÑOS Y PLANOS A DE LA ARQUITECTURA | ||
| 650 | |x |x CENTROS DE DESARROLLO CULTURAL - DISEÑOS Y PLANOS - GRECIA (ALAJUELA, COSTA RICA) |x ESPACIO (ARQUITECTURA) - GRECIA (ALAJUELA, COSTA RICA) - DISEÑOS Y PLANOS |x FENOMENOLOGIA |x FILOSOFIA DE LA ARQUITECTURA |x IDENTIDAD CULTURAL |x IDENTIDAD COLECTIVA |x ARQUITECTURA DEL PAISAJE |x PERCEPCION ESPACIAL |9 14217 | ||
| 700 | |9 73 |a Barahona Israel, María de los Ángeles, 1952- |d Directora del TFG | ||
| 942 | |c CEDI | ||
| 999 | |c 20942 |d 20942 | ||
